| 000 | 00659nam a22001817a 4500 | ||
|---|---|---|---|
| 003 | BD-DhUL | ||
| 005 | 20160905150204.0 | ||
| 008 | 160905s1999 ii ||||| |||| 00| 0 ben | ||
| 040 |
_aBD-DhUL _cBD-DhUL |
||
| 082 |
_a954 _bNET |
||
| 100 | 1 | _aনিয়োগী, গৌতম | |
| 245 |
_aইতিহাস ও সাম্প্রদায়িকতা / _cগৌতম নিয়োগী |
||
| 260 |
_aকলিকাতা : _bপুস্তক বিপণি, _c১৯৯৯. |
||
| 300 |
_a(চ), ২০১ পৃ. ; _c২১ সেমি. |
||
| 651 | 0 |
_aভারত _xইতিহাস |
|
| 651 | 0 |
_aIndia _xHistory |
|
| 942 |
_2ddc _cBK |
||
| 999 |
_c104206 _d104206 |
||